[Event "SR 2. liga A 2009/2010"]
[Site "?"]
[Date "2010.02.07"]
[Round "9.2"]
[White "Godula, Martin"]
[Black "Kleman, Miroslav"]
[Result "1/2-1/2"]
[WhiteElo "2179"]
[BlackElo "2222"]
[PlyCount "82"]
[EventDate "2009.??.??"]
[WhiteTeam "Slovakia"]
[BlackTeam "II"]
[WhiteTeamCountry "SVK"]
[BlackTeamCountry "SVK"]

1. e4 d6 2. d4 Nf6 3. Nc3 e5 4. dxe5 dxe5 5. Qxd8+ Kxd8 6. Bg5 Be6 7. Nf3 Nbd7
8. O-O-O Kc8 9. a3 a6 10. Bh4 h6 11. Ne1 g5 12. Bg3 Nh5 13. Nd3 Nf4 14. h4 Rg8
15. hxg5 hxg5 16. Bxf4 gxf4 17. f3 b6 18. Rh5 Bd6 19. Rh7 Kb7 20. Rd2 Rh8 21.
Rxh8 Rxh8 22. Rd1 Be7 23. Kd2 b5 24. Kc1 c6 25. Nb1 f6 26. b3 Bd8 27. Kb2 Bb6
28. c3 Be3 29. Kc2 Rh2 30. a4 Kb6 31. axb5 axb5 32. Na3 Nf8 33. Ne1 Kc7 34. c4
b4 35. Nb1 Ng6 36. Kd3 Nh4 37. g3 fxg3 38. Kxe3 g2 39. Nxg2 Nxg2+ 40. Bxg2 Rxg2
41. Nd2 Rg8 1/2-1/2

[Event "SR 2. liga A 2009/2010"]
[Site "?"]
[Date "2010.02.07"]
[Round "9.2"]
[White "Janos, Martin"]
[Black "Klemanic, Emil"]
[Result "0-1"]
[WhiteElo "2192"]
[BlackElo "2258"]
[PlyCount "88"]
[EventDate "2009.??.??"]
[WhiteTeam "Slovakia"]
[BlackTeam "II"]
[WhiteTeamCountry "SVK"]
[BlackTeamCountry "SVK"]

1. e4 d6 2. d4 Nf6 3. Bd3 e5 4. Ne2 Nc6 5. d5 Nb4 6. O-O Nxd3 7. Qxd3 g6 8. c4
Bg7 9. Nbc3 O-O 10. b4 a5 11. bxa5 Rxa5 12. a4 Nd7 13. Ba3 b6 14. Bb4 Ra8 15.
a5 bxa5 16. Bxa5 Nc5 17. Qc2 Ba6 18. Nb5 Bxb5 19. cxb5 Qd7 20. Nc3 f5 21. Bb4
Nxe4 22. Nxe4 fxe4 23. Qc6 Qxc6 24. dxc6 Rab8 25. Ba5 Rfc8 26. Rfb1 Bf6 27. Rb3
Kf7 28. Kf1 Bd8 29. Bd2 Ra8 30. Re1 d5 31. f3 Ra2 32. Bc1 Ke6 33. fxe4 d4 34.
Bb2 Bh4 35. g3 Bg5 36. Ke2 Be7 37. Kd3 Rf8 38. Re2 Rf3+ 39. Kc2 d3+ 40. Rxd3
Rxb2+ 41. Kxb2 Rxd3 42. b6 cxb6 43. Rc2 Ba3+ 44. Ka2 Bc5 0-1

[Event "SR 2. liga A 2009/2010"]
[Site "?"]
[Date "2010.02.07"]
[Round "9.2"]
[White "Puchart, Vladimir"]
[Black "Hrivnak, Martin"]
[Result "1/2-1/2"]
[WhiteElo "2047"]
[BlackElo "2208"]
[PlyCount "28"]
[EventDate "2009.??.??"]
[WhiteTeam "Slovakia"]
[BlackTeam "II"]
[WhiteTeamCountry "SVK"]
[BlackTeamCountry "SVK"]

1. d4 Nf6 2. c4 c5 3. d5 e5 4. Nc3 d6 5. e4 g6 6. Be2 Bg7 7. h4 h5 8. Bg5 a6 9.
f3 Nbd7 10. Nh3 Rb8 11. Qd2 Nf8 12. Nf2 N8h7 13. Be3 Bd7 14. a4 Qa5 1/2-1/2

[Event "SR 2. liga A 2009/2010"]
[Site "?"]
[Date "2010.02.07"]
[Round "9.2"]
[White "Varga, David"]
[Black "Plachetka, Jan"]
[Result "1/2-1/2"]
[WhiteElo "2280"]
[BlackElo "2379"]
[PlyCount "39"]
[EventDate "2009.??.??"]
[WhiteTeam "Slovakia"]
[BlackTeam "II"]
[WhiteTeamCountry "SVK"]
[BlackTeamCountry "SVK"]

1. e4 e5 2. Nf3 Nc6 3. Bb5 a6 4. Ba4 Nf6 5. O-O Be7 6. Re1 b5 7. Bb3 O-O 8. h3
Bb7 9. c3 d5 10. exd5 Nxd5 11. d4 exd4 12. cxd4 Bf6 13. Nc3 Na5 14. Nxd5 Bxd5
15. Bxd5 Qxd5 16. Bf4 Nc6 17. Bxc7 Nxd4 18. Nxd4 Qxd4 19. Qxd4 Bxd4 20. Be5
1/2-1/2

[Event "SR 2. liga A 2009/2010"]
[Site "?"]
[Date "2010.02.07"]
[Round "9.3"]
[White "Janos, Jozef"]
[Black "Matulik, Daniel"]
[Result "1/2-1/2"]
[WhiteElo "2275"]
[BlackElo "2154"]
[PlyCount "35"]
[EventDate "2009.??.??"]
[WhiteTeam "Slovakia"]
[BlackTeam "II"]
[WhiteTeamCountry "SVK"]
[BlackTeamCountry "SVK"]

1. d4 d5 2. Nf3 c6 3. Bf4 Nf6 4. Nbd2 e6 5. e3 Nbd7 6. Bd3 Be7 7. h3 a6 8. O-O
b5 9. Qe2 c5 10. c3 c4 11. Bc2 Bb7 12. Ne5 Nxe5 13. dxe5 Nd7 14. Qg4 g6 15. Bg3
h5 16. Qe2 Qb6 17. Nf3 O-O-O 18. Nd4 1/2-1/2

[Event "SR 2. liga A 2009/2010"]
[Site "?"]
[Date "2010.02.07"]
[Round "9.3"]
[White "Kralovic, Andrej"]
[Black "Sturdik, Igor"]
[Result "1/2-1/2"]
[WhiteElo "2156"]
[BlackElo "2047"]
[PlyCount "39"]
[EventDate "2009.??.??"]
[WhiteTeam "Slovakia"]
[BlackTeam "II"]
[WhiteTeamCountry "SVK"]
[BlackTeamCountry "SVK"]

1. e4 Nf6 2. Nc3 d5 3. exd5 Nxd5 4. Bc4 e6 5. Qf3 Nb4 6. Bb3 N8c6 7. Nge2 Na5
8. Ba4+ Bd7 9. a3 Nd5 10. b4 Bxa4 11. Nxa4 Nc4 12. Qb3 Ncb6 13. Bb2 Nxa4 14.
Qxa4+ Qd7 15. Qb3 Nf6 16. Rd1 Be7 17. O-O O-O 18. c4 Rfd8 19. d4 c6 20. Rd3
1/2-1/2

[Event "SR 2. liga A 2009/2010"]
[Site "?"]
[Date "2010.02.07"]
[Round "9.3"]
[White "Mackovic, Miroslav"]
[Black "Machalova, Veronika"]
[Result "0-1"]
[WhiteElo "1963"]
[BlackElo "2187"]
[PlyCount "100"]
[EventDate "2009.??.??"]
[WhiteTeam "Slovakia"]
[BlackTeam "II"]
[WhiteTeamCountry "SVK"]
[BlackTeamCountry "SVK"]

1. e4 c5 2. Nf3 d6 3. d4 cxd4 4. Nxd4 Nf6 5. Nc3 Nc6 6. Be2 a6 7. O-O e6 8. Be3
Be7 9. f4 Qc7 10. g4 Nxd4 11. Bxd4 e5 12. Be3 exf4 13. Rxf4 Be6 14. g5 Nd7 15.
Rf2 Ne5 16. Nd5 Bxd5 17. Qxd5 O-O 18. c4 Rac8 19. b3 Qc6 20. Qd4 f6 21. Rg2
fxg5 22. Bxg5 Bxg5 23. Rxg5 Qc5 24. Qxc5 Rxc5 25. Rg3 Rf4 26. Re3 Kf7 27. h3
Ke7 28. Kg2 Ng6 29. Rf1 Rg5+ 30. Kh2 Rxf1 31. Bxf1 Ke6 32. Be2 Ke5 33. Bg4 Nf4
34. Bc8 Rg2+ 35. Kh1 b6 36. Bxa6 Rxa2 37. Bb7 Rg2 38. Rf3 Rg6 39. Kh2 h6 40.
Rf2 Rf6 41. Ra2 Kd4 42. Ra6 Kc5 43. Ba8 Nd3 44. Ra7 Rg6 45. Bd5 Ne5 46. h4 Kd4
47. Ra6 Ke3 48. h5 Rg5 49. Rxb6 Nf3+ 50. Kh3 Kf4 0-1

[Event "SR 2. liga A 2009/2010"]
[Site "?"]
[Date "2010.02.07"]
[Round "9.3"]
[White "Pagerka, Martin"]
[Black "Petenyi, Tamas"]
[Result "1/2-1/2"]
[WhiteElo "2097"]
[BlackElo "2261"]
[PlyCount "95"]
[EventDate "2009.??.??"]
[WhiteTeam "Slovakia"]
[BlackTeam "II"]
[WhiteTeamCountry "SVK"]
[BlackTeamCountry "SVK"]

1. Nf3 Nf6 2. c4 b6 3. b3 Bb7 4. Bb2 e6 5. e3 d5 6. Be2 dxc4 7. bxc4 c5 8. O-O
Be7 9. d3 O-O 10. Nbd2 Nc6 11. Qb3 Qc7 12. Bc3 e5 13. Nh4 Rfe8 14. Nf5 Bf8 15.
f4 Nd4 16. Bxd4 cxd4 17. fxe5 Qxe5 18. e4 Rad8 19. Rae1 g6 20. Nf3 Qc5 21. Ng3
Bg7 22. Qb5 Qxb5 23. cxb5 Ng4 24. Ng5 Ne5 25. Nf3 Bh6 26. Nxe5 Rxe5 27. Bd1 Bd2
28. Re2 Be3+ 29. Kh1 Rc8 30. Bb3 Rc7 31. Rc2 Rxc2 32. Bxc2 Bc8 33. Bb3 Be6 34.
Bxe6 fxe6 35. a4 Rc5 36. e5 Rxe5 37. Ne4 Rf5 38. Re1 Kf8 39. h3 Ke7 40. Kh2 Rf8
41. Ra1 Rb8 42. Ra2 Rb7 43. Rc2 h6 44. g3 Kd7 45. Rc6 Rc7 46. Rxc7+ Kxc7 47.
Kg2 e5 48. g4 1/2-1/2

[Event "SR 2. liga A 2009/2010"]
[Site "?"]
[Date "2010.02.07"]
[Round "9.3"]
[White "Peska, Juraj"]
[Black "Petrik, Stanislav"]
[Result "1/2-1/2"]
[WhiteElo "1959"]
[BlackElo "2183"]
[PlyCount "116"]
[EventDate "2009.??.??"]
[WhiteTeam "Slovakia"]
[BlackTeam "II"]
[WhiteTeamCountry "SVK"]
[BlackTeamCountry "SVK"]

1. c4 Nf6 2. Nc3 g6 3. g3 Bg7 4. Bg2 Nc6 5. d3 d6 6. Nf3 Bf5 7. O-O Qd7 8. Bd2
O-O 9. Qc1 Bh3 10. Bh6 Bxg2 11. Kxg2 Nh5 12. Bxg7 Kxg7 13. Nd5 e5 14. b4 f5 15.
b5 Nd8 16. a4 Ne6 17. a5 c6 18. bxc6 bxc6 19. Nc3 Nd4 20. Rb1 Rab8 21. Qa3 Nxf3
22. exf3 Nf6 23. Rb2 Rxb2 24. Qxb2 Qc7 25. Qa2 Rb8 26. Rb1 Rxb1 27. Nxb1 Qb7
28. Nd2 Qb4 29. a6 Qc3 30. Nf1 Qxd3 31. Qa5 Qd4 32. Qc7+ Kh8 33. Qxc6 e4 34.
Ne3 exf3+ 35. Qxf3 Ne4 36. Qf4 Qe5 37. Qxe5+ dxe5 38. Nd5 Nc5 39. Nb4 Kg7 40.
Kf3 Kf6 41. Ke3 Ke6 42. Nc6 Nxa6 43. Nxa7 g5 44. Nb5 h5 45. f3 f4+ 46. Ke2 fxg3
47. hxg3 Nc5 48. Ke3 h4 49. gxh4 gxh4 50. Nc3 Kf5 51. Ne2 Kg5 52. Ng1 Ne6 53.
Ke4 Kf6 54. Nh3 Ng5+ 55. Nxg5 Kxg5 56. Ke3 Kf5 57. Kf2 e4 58. fxe4+ Kxe4
1/2-1/2

[Event "SR 2. liga A 2009/2010"]
[Site "?"]
[Date "2010.02.07"]
[Round "9.3"]
[White "Varholakova, Niki"]
[Black "Sosovicka, Juraj"]
[Result "1/2-1/2"]
[WhiteElo "2159"]
[BlackElo "2066"]
[PlyCount "57"]
[EventDate "2009.??.??"]
[WhiteTeam "Slovakia"]
[BlackTeam "II"]
[WhiteTeamCountry "SVK"]
[BlackTeamCountry "SVK"]

1. e4 e5 2. Nf3 Nc6 3. Bc4 Nf6 4. d3 Be7 5. O-O O-O 6. Re1 d6 7. c3 Na5 8. Bb5
a6 9. Ba4 b5 10. Bc2 c5 11. Nbd2 Nc6 12. Nf1 Re8 13. Ne3 Bf8 14. a4 Bb7 15. Nf5
Ne7 16. Nxe7+ Bxe7 17. Qe2 Bf8 18. c4 b4 19. Nd2 g6 20. Nf1 Nh5 21. g3 Ng7 22.
Bd1 Ne6 23. Ne3 Bh6 24. Qf1 Nd4 25. Qh3 Bg5 26. Rf1 Bc8 27. Qg2 Bh6 28. b3 a5
29. Bb2 1/2-1/2

[Event "SR 2. liga A 2009/2010"]
[Site "?"]
[Date "2010.02.07"]
[Round "9.4"]
[White "Biro, Karol"]
[Black "Gajarsky, Roman"]
[Result "1-0"]
[WhiteElo "2166"]
[BlackElo "1921"]
[PlyCount "83"]
[EventDate "2009.??.??"]
[WhiteTeam "Slovakia"]
[BlackTeam "II"]
[WhiteTeamCountry "SVK"]
[BlackTeamCountry "SVK"]

1. e4 c5 2. c3 Nf6 3. e5 Nd5 4. d4 cxd4 5. Qxd4 e6 6. Nf3 f5 7. Bc4 Nc6 8. Qd3
Nb6 9. Bb3 h6 10. h4 d5 11. h5 Bc5 12. Bf4 Bd7 13. Nbd2 Qe7 14. Nh4 Rg8 15. Ng6
Qf7 16. Nf3 Ne7 17. Nfh4 Nxg6 18. Nxg6 O-O-O 19. Be3 Bxe3 20. Qxe3 Bc6 21. Rh4
Kb8 22. O-O-O Qc7 23. Qc5 Rge8 24. f3 Nd7 25. Qe3 Nf8 26. Nf4 Nh7 27. Ne2 Ng5
28. Nd4 Rc8 29. Bc2 Qa5 30. Nxc6+ Rxc6 31. Ba4 Rec8 32. Bxc6 Rxc6 33. a3 a6 34.
Rf4 Qd8 35. g4 fxg4 36. fxg4 Rc8 37. Kb1 Qe7 38. Rdf1 Ne4 39. Rf7 Qc5 40. Qxc5
Rxc5 41. Rf8+ Ka7 42. R8f7 1-0

[Event "SR 2. liga A 2009/2010"]
[Site "?"]
[Date "2010.02.07"]
[Round "9.4"]
[White "Dugovic, Branislav"]
[Black "Lukac, Tomas"]
[Result "1-0"]
[WhiteElo "2149"]
[BlackElo "1932"]
[PlyCount "51"]
[EventDate "2009.??.??"]
[WhiteTeam "Slovakia"]
[BlackTeam "II"]
[WhiteTeamCountry "SVK"]
[BlackTeamCountry "SVK"]

1. Nf3 d6 2. d4 Bg4 3. e4 Nf6 4. Nc3 g6 5. h3 Bxf3 6. Qxf3 Bg7 7. e5 dxe5 8.
dxe5 Nfd7 9. Qxb7 Nb6 10. a4 a5 11. Bb5+ N8d7 12. Be3 Rb8 13. Qe4 O-O 14. f4 e6
15. O-O Qe7 16. Rfd1 Rfd8 17. Qc6 g5 18. g3 gxf4 19. gxf4 Qh4 20. Qg2 Kh8 21.
Ne4 Nd5 22. Rxd5 exd5 23. Ng5 Qh5 24. Be2 Qg6 25. f5 Qxf5 26. Bd3 1-0

[Event "SR 2. liga A 2009/2010"]
[Site "?"]
[Date "2010.02.07"]
[Round "9.4"]
[White "Hricak, Vasil"]
[Black "Janos, Ivan"]
[Result "1/2-1/2"]
[WhiteElo "2100"]
[BlackElo "2133"]
[PlyCount "81"]
[EventDate "2009.??.??"]
[WhiteTeam "Slovakia"]
[BlackTeam "II"]
[WhiteTeamCountry "SVK"]
[BlackTeamCountry "SVK"]

1. e4 c5 2. d4 e6 3. Nf3 cxd4 4. c3 Nf6 5. e5 Nd5 6. cxd4 b6 7. Nc3 Nxc3 8.
bxc3 Qc7 9. Bd2 Bb7 10. Bd3 Nc6 11. O-O Na5 12. Ng5 Nc4 13. Qe2 Rc8 14. Rac1
Be7 15. Qh5 g6 16. Qe2 h6 17. Ne4 Bxe4 18. Bxe4 d5 19. exd6 Bxd6 20. g3 Kf8 21.
Rfe1 Kg7 22. h4 Rhe8 23. Be3 Rf8 24. Bd3 Nxe3 25. Qxe3 Qe7 26. c4 Qf6 27. c5
bxc5 28. dxc5 Bc7 29. Bf1 Rb8 30. Rc2 Rfd8 31. Qe2 Qd4 32. Qc4 Qxc4 33. Bxc4
Ba5 34. Ree2 Kf6 35. c6 Bc7 36. Ba6 Rb1+ 37. Kg2 Ke7 38. Red2 Rd1 39. Rxd8 Rxd8
40. Kf3 Kd6 41. Bb7 1/2-1/2

[Event "SR 2. liga A 2009/2010"]
[Site "?"]
[Date "2010.02.07"]
[Round "9.4"]
[White "Lehocky, Viktor"]
[Black "Polasek, Filip"]
[Result "0-1"]
[WhiteElo "2095"]
[BlackElo "2072"]
[PlyCount "59"]
[EventDate "2009.??.??"]
[WhiteTeam "Slovakia"]
[BlackTeam "II"]
[WhiteTeamCountry "SVK"]
[BlackTeamCountry "SVK"]

1. d4 d5 2. Nf3 e6 3. e3 Nf6 4. c4 c6 5. Nc3 Be7 6. Bd3 O-O 7. O-O Nbd7 8. b3
b6 9. Bb2 Bb7 10. Qe2 c5 11. Rfd1 Rc8 12. Rac1 Qc7 13. e4 cxd4 14. Nxd4 dxe4
15. Nxe4 Rfd8 16. Nb5 Qb8 17. Ned6 Rc5 18. f3 Rh5 19. Nxb7 Qxb7 20. Be4 Qb8 21.
g3 a6 22. Nd4 Ne5 23. Nc6 Nxc6 24. Bxc6 Rc8 25. f4 Rh6 26. Bg2 Qc7 27. Kh1 Nd7
28. a3 a5 29. Qf3 e5 30. fxe5 {time} 0-1

[Event "SR 2. liga A 2009/2010"]
[Site "?"]
[Date "2010.02.07"]
[Round "9.4"]
[White "Mihalik, Marek"]
[Black "Tepper, Frantisek"]
[Result "1-0"]
[WhiteElo "2090"]
[BlackElo "2169"]
[PlyCount "95"]
[EventDate "2009.??.??"]
[WhiteTeam "Slovakia"]
[BlackTeam "II"]
[WhiteTeamCountry "SVK"]
[BlackTeamCountry "SVK"]

1. d4 Nf6 2. c4 e6 3. Nc3 c5 4. Nf3 a6 5. g3 Qc7 6. d5 e5 7. Bh3 d6 8. Bxc8
Qxc8 9. O-O Be7 10. e4 Nbd7 11. Qe2 Nf8 12. Kg2 Ng6 13. Bd2 h6 14. a3 Nh7 15.
Na4 Bd8 16. h3 Rb8 17. Nc3 Bg5 18. Nxg5 hxg5 19. Qg4 Qxg4 20. hxg4 f6 21. Nd1
Nhf8 22. Ne3 Ne7 23. b4 Nd7 24. Rab1 g6 25. b5 Kf7 26. bxa6 bxa6 27. Ba5 Rxb1
28. Rxb1 Rb8 29. Rxb8 Nxb8 30. Bc7 Nd7 31. Bxd6 Nc8 32. Bc7 Ndb6 33. f4 Ke7 34.
fxe5 fxe5 35. Bxe5 Nd6 36. Kf3 Ndxc4 37. Nxc4 Nxc4 38. Bc3 Nxa3 39. e5 Nb5 40.
Bd2 Nd4+ 41. Ke4 Ne2 42. Bxg5+ Kd7 43. Kd3 Nd4 44. Be3 Nf3 45. e6+ Kd6 46.
Bxc5+ Kxd5 47. e7 Ne5+ 48. Ke2 1-0

[Event "SR 2. liga A 2009/2010"]
[Site "?"]
[Date "2010.02.07"]
[Round "9.4"]
[White "Mosny, Jaroslav"]
[Black "Bury, Rastislav"]
[Result "1-0"]
[WhiteElo "2014"]
[BlackElo "2066"]
[PlyCount "59"]
[EventDate "2009.??.??"]
[WhiteTeam "Slovakia"]
[BlackTeam "II"]
[WhiteTeamCountry "SVK"]
[BlackTeamCountry "SVK"]

1. d4 d5 2. c4 e6 3. Nc3 Nf6 4. Bg5 c6 5. e3 Nbd7 6. Nf3 Qa5 7. cxd5 Nxd5 8.
Qd2 N7b6 9. Bd3 Nxc3 10. bxc3 Nd5 11. O-O Qxc3 12. Qe2 Bd6 13. Rac1 Qa5 14. e4
Nf4 15. Bxf4 Bxf4 16. Rc5 Qd8 17. d5 Bd6 18. Rc4 Bd7 19. e5 cxd5 20. Rh4 Ba3
21. Rxh7 Rxh7 22. Bxh7 Rc8 23. h4 Rc1 24. Ng5 Rxf1+ 25. Kxf1 Qc7 26. Kg1 Bc1
27. Qh5 Qxe5 28. Qxf7+ Kd8 29. Qf8+ Be8 30. Nf7+ 1-0

[Event "SR 2. liga A 2009/2010"]
[Site "?"]
[Date "2010.02.07"]
[Round "9.5"]
[White "Chovanec, Vladimir"]
[Black "Krist, Milan"]
[Result "1/2-1/2"]
[WhiteElo "2091"]
[BlackElo "2013"]
[PlyCount "26"]
[EventDate "2009.??.??"]
[WhiteTeam "Slovakia"]
[BlackTeam "II"]
[WhiteTeamCountry "SVK"]
[BlackTeamCountry "SVK"]

1. Nf3 d5 2. g3 Nf6 3. Bg2 c5 4. O-O Nc6 5. d4 e6 6. b3 cxd4 7. Nxd4 Be7 8. Bb2
O-O 9. Nd2 Bd7 10. c4 Nxd4 11. Bxd4 Bc6 12. cxd5 Bxd5 13. Nf3 Qa5 1/2-1/2

[Event "SR 2. liga A 2009/2010"]
[Site "?"]
[Date "2010.02.07"]
[Round "9.5"]
[White "Fabry, Robert"]
[Black "Benovic, Marek"]
[Result "1/2-1/2"]
[WhiteElo "2190"]
[BlackElo "1995"]
[PlyCount "110"]
[EventDate "2009.??.??"]
[WhiteTeam "Slovakia"]
[BlackTeam "II"]
[WhiteTeamCountry "SVK"]
[BlackTeamCountry "SVK"]

1. e4 c6 2. d4 d5 3. exd5 cxd5 4. c4 Nf6 5. Nc3 e6 6. Nf3 Be7 7. Bf4 dxc4 8.
Bxc4 O-O 9. O-O Nbd7 10. Rc1 Nb6 11. Bb3 Bd7 12. Ne5 Rc8 13. Re1 Bc6 14. Nxc6
Rxc6 15. Nb5 Nbd5 16. Be5 Qd7 17. Nc3 a6 18. Nxd5 Nxd5 19. Rxc6 Qxc6 20. Qf3
Rd8 21. h3 h6 22. Re2 Nb4 23. Qg4 Qc1+ 24. Kh2 Bf8 25. Bf4 Bd6 26. Bxd6 Rxd6
27. a3 Nd5 28. Rc2 Qf4+ 29. Qxf4 Nxf4 30. Rc8+ Kh7 31. Rc7 Rb6 32. Bc2+ f5 33.
b4 Kg6 34. g4 Rc6 35. Rxc6 bxc6 36. gxf5+ exf5 37. Ba4 Ne2 38. Bxc6 Nxd4 39.
Bb7 Nc2 40. Bxa6 Nxa3 41. Bd3 Kf6 42. b5 Ke5 43. b6 Kd6 44. Bxf5 Nc4 45. b7 Kc7
46. Be4 Nd6 47. Bd5 Nxb7 48. Kg3 Nc5 49. Kf4 Kd6 50. Bc4 g6 51. Bf7 Nd3+ 52.
Ke3 Ne5 53. Be8 Ke7 54. Bb5 Kf6 55. Kf4 Nf7 1/2-1/2

[Event "SR 2. liga A 2009/2010"]
[Site "?"]
[Date "2010.02.07"]
[Round "9.5"]
[White "Hecko, Dusan"]
[Black "Rachela, Jozef"]
[Result "1/2-1/2"]
[WhiteElo "2115"]
[BlackElo "2072"]
[Annotator "Fritz 12 (20s)"]
[PlyCount "95"]
[EventDate "2009.??.??"]
[WhiteTeam "Slovakia"]
[BlackTeam "II"]
[WhiteTeamCountry "SVK"]
[BlackTeamCountry "SVK"]

{B14: Caro-Kann: Panov-Botvinnik Attack with 5...e6 and 5...g6} 1. c4 c6 2. e4
d5 3. exd5 cxd5 4. d4 e6 5. Nc3 Nf6 6. Nf3 a6 7. c5 Bd7 (7... b6 {kniz. Fritz}
8. b4 $16) 8. Be2 Be7 9. O-O O-O 10. b4 Nc6 $14 11. Qb3 Ne4 12. Rd1 Nxc3 13.
Qxc3 $16 b5 14. Bf4 Bf6 15. Ne5 (15. Bd3 Qc8 $16) 15... Nxe5 16. Bxe5 Bxe5 17.
dxe5 Bc6 18. a3 f6 19. f4 f5 20. Qd4 Qe7 21. g3 Ra7 22. Bd3 Rfa8 23. Bf1 Qb7
24. Bh3 a5 25. Kf2 axb4 26. axb4 Ra2+ 27. Rxa2 Rxa2+ 28. Rd2 Qa7 29. g4 $4 (29.
Bf1 Ra1 $14) 29... g6 (29... Rxd2+ $142 30. Qxd2 Qa3 $17) 30. gxf5 $11 gxf5 31.
Bf1 Qa3 32. Rxa2 Qxa2+ 33. Be2 Qa3 34. Bd3 Qc1 35. Kg3 Qe1+ $15 36. Kg2 Qd2+
37. Kg3 Be8 38. Kh3 Qd1 (38... Kf7 $142 $5 $17) 39. Kg2 $11 Qd2+ 40. Kg3 Qe1+
41. Kg2 $11 Qd2+ 42. Kh3 Qd1 (42... Bh5 43. Kg3 $15) 43. Kg2 $11 Qg4+ 44. Kf2
Qh4+ 45. Kg2 Qg4+ 46. Kf2 {druhe opakovanie} Qh3 47. Kg1 Qg4+ 48. Kf2 1/2-1/2

[Event "SR 2. liga A 2009/2010"]
[Site "?"]
[Date "2010.02.07"]
[Round "9.5"]
[White "Kollarik, Gorazd"]
[Black "Magyar, Frantisek"]
[Result "0-1"]
[WhiteElo "1898"]
[BlackElo "2018"]
[PlyCount "58"]
[EventDate "2009.??.??"]
[WhiteTeam "Slovakia"]
[BlackTeam "II"]
[WhiteTeamCountry "SVK"]
[BlackTeamCountry "SVK"]

1. d4 Nf6 2. c4 g6 3. Nc3 Bg7 4. e4 O-O 5. Be3 d6 6. Be2 e5 7. dxe5 dxe5 8. Nf3
Nbd7 9. O-O c6 10. Qd2 Ng4 11. Rfd1 Nxe3 12. Qxe3 Qe7 13. Nd2 Nc5 14. Nb3 Ne6
15. Bf1 Nd4 16. Ne2 Nc2 17. Qd2 Nxa1 18. Nxa1 Be6 19. Nc3 Rfd8 20. Qe2 Rxd1 21.
Nxd1 Rd8 22. Nc3 Rd4 23. b3 Bh6 24. Qf3 Rd2 25. g3 Qd7 26. Be2 Qd4 27. b4 Bxc4
28. Bxc4 Qxc4 29. Nb3 Rd3 0-1

[Event "SR 2. liga A 2009/2010"]
[Site "?"]
[Date "2010.02.07"]
[Round "9.5"]
[White "Syrovy, Ivan"]
[Black "Szollos, Ondrej"]
[Result "0-1"]
[WhiteElo "2088"]
[BlackElo "2088"]
[PlyCount "127"]
[EventDate "2009.??.??"]
[WhiteTeam "Slovakia"]
[BlackTeam "II"]
[WhiteTeamCountry "SVK"]
[BlackTeamCountry "SVK"]

1. e4 d6 2. d4 c6 3. f4 Qc7 4. Nf3 Bg4 5. e5 e6 6. Nc3 Nd7 7. h3 Bxf3 8. Qxf3
d5 9. Bd3 g6 10. O-O Bg7 11. Be3 Ne7 12. g4 f5 13. exf6 Nxf6 14. Rae1 O-O 15.
Bf2 e5 16. dxe5 Nd7 17. Qg3 a6 18. e6 Nf6 19. f5 Qxg3+ 20. Bxg3 gxf5 21. Bxf5
Kh8 22. Bd6 Rae8 23. Kg2 Nfg8 24. Na4 Nh6 25. Bxe7 Rxe7 26. Nc5 Rfe8 27. Nd7 a5
28. b3 a4 29. bxa4 Ra8 30. Nb6 Rd8 31. Rb1 Bd4 32. Nd7 Kg7 33. Rxb7 Ra8 34. Rb8
Rxa4 35. Nb6 Rxa2 36. Nc8 Nxf5 37. gxf5 Rxc2+ 38. Kf3 Re8 39. Rb7+ Kh6 40. Nd6
Ra8 41. Rb3 Bf6 42. Rf2 Rc1 43. Re2 Rf1+ 44. Kg2 Raa1 45. Rf2 Rg1+ 46. Kf3 Bh4
47. Rfb2 Rg3+ 48. Ke2 Re1+ 49. Kd2 Rg2+ 50. Kd3 Rd1+ 51. Ke3 Re1+ 52. Kf3 Rg3+
53. Kf4 Rgg1 54. Kf3 Ref1+ 55. Ke3 c5 56. Rd3 Rg3+ 57. Ke2 Rgg1 58. Rf3 Re1+
59. Kd3 Rd1+ 60. Ke2 Bf6 61. Rb6 Rde1+ 62. Kd2 Bg5+ 63. Kd3 Rd1+ 64. Ke2 0-1

[Event "SR 2. liga A 2009/2010"]
[Site "?"]
[Date "2010.02.07"]
[Round "9.5"]
[White "Zarecky, Eduard"]
[Black "Skara, Vladimir"]
[Result "0-1"]
[WhiteElo "1947"]
[BlackElo "2126"]
[PlyCount "98"]
[EventDate "2009.??.??"]
[WhiteTeam "Slovakia"]
[BlackTeam "II"]
[WhiteTeamCountry "SVK"]
[BlackTeamCountry "SVK"]

1. d4 Nf6 2. c4 c5 3. d5 d6 4. Nc3 e6 5. Nf3 exd5 6. Nxd5 Nxd5 7. cxd5 g6 8.
Bg5 Be7 9. Bxe7 Qxe7 10. g3 Bg4 11. Bg2 Bxf3 12. Bxf3 Nd7 13. Qa4 O-O 14. O-O
a6 15. Qc2 b5 16. b3 Ne5 17. Kg2 Rac8 18. Qc3 Rfe8 19. Rfe1 b4 20. Qd2 a5 21.
a3 c4 22. axb4 c3 23. Qd4 Nxf3 24. Kxf3 axb4 25. Qxb4 Rb8 26. Qc4 Rec8 27. Qa4
c2 28. e3 Qf6+ 29. Qf4 Qc3 30. Ra7 Rc7 31. Rxc7 Qxc7 32. Rc1 Rxb3 33. Qe4 Rb2
34. Ke2 Qc3 35. Qd3 Qc5 36. e4 Ra2 37. Qb3 Qa5 38. Rxc2 Qa6+ 39. Kd2 Ra1 40.
Qc4 Qb6 41. Ke2 Qb1 42. Ke3 Ra3+ 43. Kf4 Qa1 44. Kg4 h5+ 45. Kh3 Qh1 46. Qe2
Kh7 47. Rc7 Rf3 48. e5 g5 49. e6 Kh6 0-1

[Event "SR 2. liga A 2009/2010"]
[Site "?"]
[Date "2010.02.07"]
[Round "9.6"]
[White "Bahna, Jan"]
[Black "Lauf, Pavol"]
[Result "0-1"]
[WhiteElo "1960"]
[BlackElo "2140"]
[PlyCount "114"]
[EventDate "2009.??.??"]
[WhiteTeam "Slovakia"]
[BlackTeam "II"]
[WhiteTeamCountry "SVK"]
[BlackTeamCountry "SVK"]

1. e4 d5 2. exd5 Qxd5 3. Nc3 Qd8 4. Nf3 Nf6 5. d4 e6 6. a3 Be7 7. Be2 O-O 8.
O-O b6 9. Ne5 Bb7 10. Bf3 Qc8 11. Bxb7 Qxb7 12. Qf3 Qxf3 13. Nxf3 Nbd7 14. Bf4
c6 15. Rfe1 Nd5 16. Nxd5 cxd5 17. Ne5 Nxe5 18. Bxe5 Rfc8 19. c3 b5 20. Bf4 Kf8
21. Bd2 Bd6 22. Re2 Ke8 23. f4 Kd7 24. Rf1 g6 25. g4 f5 26. g5 a5 27. Rf3 Rab8
28. b4 axb4 29. axb4 Ra8 30. Rh3 Rh8 31. Kf2 Ra6 32. Ke3 Ra3 33. Kf2 Ra6 34.
Rg3 Ke7 35. Rf3 Kf7 36. Kg2 Bf8 37. Kg3 h6 38. h4 Bd6 39. Kh3 Bc7 40. Rff2 Ra1
41. Re1 Raa8 42. Rfe2 hxg5 43. Rxe6 Rxh4+ 44. Kg2 Rg4+ 45. Kf3 Bxf4 46. Re7+
Kg8 47. Bxf4 Rxf4+ 48. Kg3 Rg4+ 49. Kf3 Re4 50. R1xe4 dxe4+ 51. Ke3 Ra3 52. Rc7
Kf8 53. d5 Ra6 54. Kd4 g4 55. Ke5 g3 56. d6 Rxd6 57. Kxd6 g2 0-1

[Event "SR 2. liga A 2009/2010"]
[Site "?"]
[Date "2010.02.07"]
[Round "9.6"]
[White "Krajnak, Robert"]
[Black "Skocik, Jozef"]
[Result "1-0"]
[WhiteElo "2096"]
[BlackElo "1868"]
[PlyCount "71"]
[EventDate "2009.??.??"]
[WhiteTeam "Slovakia"]
[BlackTeam "II"]
[WhiteTeamCountry "SVK"]
[BlackTeamCountry "SVK"]

1. c4 e6 2. b3 Nf6 3. Bb2 b6 4. Nf3 Bb7 5. e3 Be7 6. Be2 O-O 7. O-O d5 8. d3
dxc4 9. bxc4 Nbd7 10. Nbd2 c5 11. a4 Qc7 12. a5 Rfd8 13. Qc2 h6 14. Bc3 Nh7 15.
Rfb1 Ng5 16. Qb2 f6 17. h4 Nxf3+ 18. Nxf3 Kf7 19. h5 Rg8 20. Nh4 Rgd8 21. Ng6
Qc6 22. Bf3 Qc7 23. Bg4 Bd6 24. f4 Rab8 25. Qf2 f5 26. Bd1 Bc6 27. Qg3 Nf6 28.
Ne5+ Kf8 29. Nxc6 Qxc6 30. Bxf6 gxf6 31. Qg6 Rd7 32. Ba4 b5 33. Bxb5 Rxb5 34.
Qxf6+ Rf7 35. Qh8+ Ke7 36. Rxb5 1-0

[Event "SR 2. liga A 2009/2010"]
[Site "?"]
[Date "2010.02.07"]
[Round "9.6"]
[White "Obdrzalkova, Anita"]
[Black "Diviak, Rastislav"]
[Result "1/2-1/2"]
[WhiteElo "2004"]
[BlackElo "2043"]
[PlyCount "81"]
[EventDate "2009.??.??"]
[WhiteTeam "Slovakia"]
[BlackTeam "II"]
[WhiteTeamCountry "SVK"]
[BlackTeamCountry "SVK"]

1. d4 d5 2. Nf3 Nf6 3. c4 c6 4. e3 e6 5. Nc3 Nbd7 6. Bd3 dxc4 7. Bxc4 b5 8. Bd3
a6 9. O-O Bb7 10. e4 c5 11. Re1 cxd4 12. Nxd4 Ne5 13. Bc2 Bc5 14. Nb3 Bb6 15.
h3 O-O 16. Qe2 Qc8 17. Bf4 Nc4 18. e5 Qc6 19. Qf1 Nd7 20. Be4 Qc7 21. Bxb7 Qxb7
22. Qe2 h6 23. Red1 Rfd8 24. Rd3 Nf8 25. Rg3 Ng6 26. Rxg6 fxg6 27. Ne4 Qd5 28.
Nd6 Nxd6 29. exd6 Rf8 30. Bg3 Rae8 31. Rd1 Qf5 32. Nd4 Bxd4 33. Rxd4 e5 34. Rd1
Rd8 35. Qxe5 Qxe5 36. Bxe5 Rf5 37. Bg3 Rd7 38. Rc1 Kf7 39. b4 Rd5 40. Rc6 Rd1+
41. Kh2 1/2-1/2